| 000 | 00732nam a22002297a 4500 | ||
|---|---|---|---|
| 001 | 75244 | ||
| 003 | BD-RjUL | ||
| 005 | 20211209082650.0 | ||
| 008 | 190206s1980 mnu||||| |||| 00| 0 eng d | ||
| 035 | _a(BD-RjUL)75462 | ||
| 040 |
_aBD-RjUL _beng _cBD-RjUL |
||
| 041 | _aeng | ||
| 082 |
_223 _a570 _bSCS 1980 |
||
| 100 |
_aSchrankel Kenneth R. _9227820 |
||
| 245 |
_aStudy guide to accompany Ward and Hetzel's Biology: _btoday and tomorrow / _cprepared by Kenneth R. Schrankel. |
||
| 246 | _aBiology: today and tomorrow | ||
| 260 |
_aSt. Paul [Minn.] : _bWest Publishing, _c©1980. |
||
| 300 |
_avi, 190 pages ; _c25 cm. |
||
| 650 |
_aBiology _9227821 |
||
| 651 |
_aBiology _xProgrammed instruction. _9227822 |
||
| 942 |
_2ddc _cBK |
||
| 999 |
_c75244 _d75244 |
||